000 00634nam a2200193Ia 4500
003 GCL
008 140319s9999 xx 000 0 ara d
040 _aGCL /
_cGCL
082 0 4 _a843
_bب ل
100 1 _aباونتى، مرغريتا
245 1 0 _aلاتكذبى /
_cباونتى، مرغريتا
260 _a[S.N] :
_bدار الراتب الجامعية
300 _a125
490 _aسلسلة روايات سوفنير الرومانسية
_v0
650 0 4 _aالادب الفرنسى
650 0 4 _aالادب الفرنسى المترجم
650 0 4 _aالقصص الفرنسية المترجمة
942 _2ddc
_cBK
999 _c33562
_d33562